Normal view
MARC view
- Waqas Javed
Entry Personal Name
001 - CONTROL NUMBER
- control field: 48302
003 - CONTROL NUMBER IDENTIFIER
- control field: NUST
005 - DATE AND TIME OF LATEST TRANSACTION
- control field: 20210314134026.0
008 - FIXED-LENGTH DATA ELEMENTS
- fixed length control field: 210314|| aca||aabn | a|a d
040 ## - CATALOGING SOURCE
- Original cataloging agency: NUST
- Transcribing agency: NUST
100 ## - HEADING--PERSONAL NAME
- Personal name: Waqas Javed
670 ## - SOURCE DATA FOUND
- Source citation: Work cat.: (NUST): Waqas Javed, Development of a financial feasibility analysis framework for highway bot projects , c2013
